| 000 -ლიდერი |
| ფიქსირებული სიგრძის საკონტროლო ველი |
01345nam a2200277Ia 4500 |
| 001 - საკონტროლო ნომერი |
| საკონტროლო ველი |
2317 |
| 003 - საკონტროლო ნომრის იდენტიფიკატორი |
| საკონტროლო ველი |
GE_BSU |
| 005 - ბოლო ოპერაციის თარიღი და დრო |
| საკონტროლო ველი |
20190529182446.0 |
| 008 - ფიქსირებული სიგრძის მონაცემთა ელემენტები - ზოგადი ინფორმაცია |
| ფიქსირებული სიგრძის საკონტროლო ველი |
181216s2009||||ge |||||||||||||| ||geo|| |
| 020 ## - წიგნის საერთაშორისო სტანდარტული ნომერი |
| International Standard Book Number |
9789941409202 |
| 040 ## - კატალოგიზაციის წყარო |
| Transcribing agency |
GE_BSU |
| 041 ## - ენის კოდი |
| Language code of text/sound track or separate title |
geo |
| 080 ## - უნივერსალური ათობითი კლასიფიკაციის ინდექსი |
| Universal Decimal Classification number |
635(035) ლ–81 |
| 100 ## - მთავარი ჩანაწერი - პიროვნების სახელი |
| Personal name |
ლომინაძე, შ. |
| 9 (RLIN) |
22 |
| 245 ## - ცნობა სათაურის შესახებ |
| Title |
ბოსტნეული კულტურების წარმოების ტექნოლოგია : |
| Remainder of title |
სახელმძღვ. ცნობარი ფერმერთათვის / |
| Statement of responsibility, etc |
ავტ.: შ. ლომინაძე, ლ. ებრალიძე, ზ. მახარაძე ; რედ. ო. შაინიძე. |
| 264 ## - წარმოების, გამოცემის, დისტრიბუციის და სხვა ცნობები |
| გამოცემის, წარმოების, დისტრიბუციის... ადგილი |
ბათუმი : |
| გამოცემის, წარმოების, დისტრიბუციის... სახელწოდება |
შოთა რუსთაველის სახელმწ. უნ-ტი, |
| გამოცემის, წარმოების, დისტრიბუციის... თარიღი |
2009. |
| 300 ## - ფიზიკური აღწერა |
| Extent |
32 გვ.: |
| Other physical details |
სურ., ცხრ. ; |
| Dimensions |
20 სმ. |
| 504 ## - BIBLIOGRAPHY, ETC. NOTE |
| Bibliography, etc |
ბიბლიოგრ.: გვ. 32. |
| 653 ## - INDEX TERM--UNCONTROLLED |
| Uncontrolled term |
ბოსტნეული კულტურები |
| 653 ## - INDEX TERM--UNCONTROLLED |
| Uncontrolled term |
ცნობარები |
| 700 ## - ADDED ENTRY--PERSONAL NAME |
| Personal name |
ებრალიძე, ლ. |
| Relator term |
ავტორი |
| 9 (RLIN) |
1797 |
| 700 ## - ADDED ENTRY--PERSONAL NAME |
| Personal name |
მახარაძე, ზ |
| Relator term |
ავტორი |
| 9 (RLIN) |
1800 |
| 700 ## - ADDED ENTRY--PERSONAL NAME |
| Personal name |
შაინიძე, ო. |
| Relator term |
რედაქტორი |
| 9 (RLIN) |
1798 |
| 942 ## - ADDED ENTRY ELEMENTS (KOHA) |
| Koha item type |
წიგნი |
| Source of classification or shelving scheme |
|